| 000 | 00383 a2200133 4500 | ||
|---|---|---|---|
| 001 | 91499 | ||
| 082 | _aPR 1465 | ||
| 090 |
_c43640 _d43639 |
||
| 100 | _aTuaha Umair Nomani; Prof Khalid Saleemi (Advisor) | ||
| 245 |
_aInterfacing of Serial Prepheral Interface (SPI) Memory with FPGA _n58 "B" EC |
||
| 260 |
_aRawalpindi _bNUST _c2003 |
||
| 300 | _a50p | ||
| 500 | _aBE Project Reports | ||
| 942 |
_aCAE NUST _kPR 1465 |
||
| 999 |
_c326572 _d326572 |
||